000 01164nam a2200265 i 4500
005 20160112030328.0
008 140313s2004 CK ||||| |||| 00| 0 spa d
020 _a9583360376
040 _aCO-BoIAVH
_cCO-BoIAVH
041 _aspa
044 _ack
082 0 4 _a346.04695
_bS47s
111 2 _aSeminario de herramientas para la conservación privada en Colombia
_cBogotá
_dOctubre 30-31, 2003
_n2
245 _aSegundo seminario de herramientas para la conservación privada en Colombia
260 _aBogotá :
_bWWF Colombia,
_c2004
300 _a122 página ; .
_c28 cm.
650 1 4 _aConservación de la naturaleza
_vCongresos, conferencias, etc.
_zColombia
650 2 4 _aConservación biológica
_vCongresos, conferencias, etc.
_zColombia
650 2 4 _aConservación del medio ambiente
_vCongresos, conferencias, etc.
_zColombia
650 2 4 _aDiversidad biológica
_xConservación
_vCongresos, conferencias, etc.
_zColombia
710 2 _aFundación Natura
710 _aThe Nature Conservancy
710 2 _aAsociación Red Colombiana de reservas Naturales de la Sociedad Civil
942 _cLIBRO
_2ddc
999 _c4075
_d4075